000 00354pab a2200157 454500
008 180718b2000 xxu||||| |||| 00| 0 eng d
100 _aNarayanan, M.K.
245 _aBreak the chain of terror
260 _c2000
300 _ap.12
362 _a16 Oct
650 _aTerrorism - India
650 _aTerrorism
773 _aAsian Age
909 _a48058
999 _c48058
_d48058